Some Of The Biggest Cities In The World - Statistics

General Stats
  • This quiz has been taken 17 times
  • The average score is 18 of 28
Answer Stats
Picture Answer % Correct
New York City
100%
Paris
100%
Sydney
100%
Shanghai
94%
Moscow
88%
Istanbul
82%
London
82%
Cairo
76%
Delhi
76%
Milan
76%
Dubai
71%
Sao Paulo
71%
Taipei
71%
Tokyo
71%
Baghdad
59%
Buenos Aires
59%
Cape Town
59%
Mexico City
59%
Riyadh
59%
Tehran
59%
Jakarta
53%
Lima
47%
Havana
41%
Nairobi
35%
Vienna
35%
Dublin
29%
Kuwait City
29%
Warsaw
29%
No matching quizzes found
Score Distribution
Percent of People with Each Score
Percentile by Number Answered
Your Score History
You have not taken this quiz